ՀՀ Գիտությունների ազգային ակադեմիայի հիմնարար գիտական գրադարան  =   Fundamental Scientific Library of NAS RA

Абадзехи : (Record no. 446983)

MARC details
000 -LEADER
fixed length control field 00806nam a22001937a 4500
003 - CONTROL NUMBER IDENTIFIER
control field AM-YeHGA
040 ## - CATALOGING SOURCE
Original cataloging agency AM-YeHGA
090 ## - LOCALLY ASSIGNED LC-TYPE CALL NUMBER (OCLC); LOCAL CALL NUMBER (RLIN)
-- 449860
005 - DATE AND TIME OF LATEST TRANSACTION
control field 20250617160139.0
008 - FIXED-LENGTH DATA ELEMENTS--GENERAL INFORMATION
fixed length control field 200212b ||||| |||| 00| 0 rus d
041 0# - LANGUAGE CODE
Language code of text/sound track or separate title rus
100 1# - MAIN ENTRY--PERSONAL NAME
Personal name Дьячков-Тарасов, А. Н.
245 10 - TITLE STATEMENT
Title Абадзехи :
Remainder of title (Историко-этнографический очерк) /
Statement of responsibility, etc. А.Н. Дьячков-Тарасов
260 ## - PUBLICATION, DISTRIBUTION, ETC.
Place of publication, distribution, etc. Тифлис :
Name of publisher, distributor, etc. Тип. К.П. Козловского,
Date of publication, distribution, etc. 1902
300 ## - PHYSICAL DESCRIPTION
Extent 50 с.
440 #0 - SERIES STATEMENT/ADDED ENTRY--TITLE
Title Записки Кавказского отдела Императорского русского географического общества
Volume/sequential designation Кн. 22, вып. 4
653 0# - INDEX TERM--UNCONTROLLED
Uncontrolled term Народы Северного Кавказа, 19-20 вв.
942 ## - ADDED ENTRY ELEMENTS (KOHA)
Source of classification or shelving scheme Universal Decimal Classification
Koha item type Գրքեր / Books
Holdings
Withdrawn status Lost status Damaged status Not for loan Collection Home library Current library Date acquired Total checkouts Full call number Barcode Date last seen Price effective from Koha item type Public note
        General Fundamental Scientific Library Fundamental Scientific Library 12/02/2020   РД II/66896 FL0620647 12/02/2020 12/02/2020 Գրքեր / Books 30 Days Loan


ՀՀ ԳԱԱ հիմնարար գիտական գրադարան
ՀՀ,Երևան 0019
Մարշալ Բաղրամյան 24/6
հեռախոս:(374-10) 52-47-50
Հետադարձ կապ

All site content, except where otherwise noted, is licensed under a
Creative Commons License